000
00343nam a22000977a 4500
082
_a
954
100
_a
ओझा, डॉ. डी. डी.
_9
83880
245
_a
प्राचीन भारत में विज्ञान
260
_a
दिल्ली
_b
सत्साहित्य प्रकाशन
_c
2025
942
_c
BK
999
_c
68880
_d
68880